00290nam a2200121Ia 4500008004100000082001600041100002200057245002800079250000800107260003700115300000800152650000800160191201s2006 xx 000 0 und d a658.15bPAI aPATHAK, Bharati V 0aIndian Financial System a1st aN.DelhibPearson Educationc2006 a592 aMBA